000 00677nam a2200205Ia 4500
003 GCL
008 140319s9999 xx 000 0 ara d
040 _aGCL /
_cGCL
082 0 4 _aق
_b910.132
_bع ب
100 1 _aعاطف السيد
245 1 0 _aالبحر الاحمر والعالم المعاصر : دراسة تاريخية سياسية استراتيجية /
_cعاطف السيد
300 _a280 ص
490 _a
650 0 4 _aالسياسة الدولية
650 0 4 _aالبحر الاحمر
650 0 4 _aالمنازعات الدولية
650 0 4 _aالحدود السياسية
650 0 4 _aالجغرافيا السياسية
942 _2ddc
_cBK
999 _c45530
_d45530